<?xml version="1.0" encoding="UTF-8"?>
<record
    xmlns:xsi="http://www.w3.org/2001/XMLSchema-instance"
    xsi:schemaLocation="http://www.loc.gov/MARC21/slim http://www.loc.gov/standards/marcxml/schema/MARC21slim.xsd"
    xmlns="http://www.loc.gov/MARC21/slim">

  <leader>01545nam a22001937a 4500</leader>
  <controlfield tag="001">3565</controlfield>
  <controlfield tag="003">FISKH</controlfield>
  <controlfield tag="005">20251016110802.0</controlfield>
  <controlfield tag="008">240320b        cb ||||| |||| 00| 0 eng d</controlfield>
  <datafield tag="040" ind1=" " ind2=" ">
    <subfield code="a">FISKH</subfield>
    <subfield code="b">eng</subfield>
    <subfield code="c">FISKH</subfield>
    <subfield code="d">FISKH</subfield>
  </datafield>
  <datafield tag="050" ind1=" " ind2=" ">
    <subfield code="a">PZ7.A4637</subfield>
  </datafield>
  <datafield tag="082" ind1=" " ind2=" ">
    <subfield code="a">813.54</subfield>
  </datafield>
  <datafield tag="100" ind1=" " ind2=" ">
    <subfield code="a">Alter, Robert Edmond</subfield>
  </datafield>
  <datafield tag="245" ind1=" " ind2=" ">
    <subfield code="a">Listen, the drum!</subfield>
    <subfield code="b">A novel of Washington's first command</subfield>
    <subfield code="c">By Robert Edmond Alter</subfield>
  </datafield>
  <datafield tag="260" ind1=" " ind2=" ">
    <subfield code="a">New York :</subfield>
    <subfield code="b">G.P. Putnam's Sons,</subfield>
    <subfield code="c">1963</subfield>
  </datafield>
  <datafield tag="300" ind1=" " ind2=" ">
    <subfield code="a">189 pages :</subfield>
    <subfield code="c">21 cm.</subfield>
  </datafield>
  <datafield tag="520" ind1=" " ind2=" ">
    <subfield code="a">Matt Burnett joins the militia when he hears of pending French and Indian attacks upon colonial settlers. He immediately finds himself regarded as a hero and at the same time a spy-suspect, both situations arising from a series of incidents involving the young Major George Washington. Matt and Chief, his elderly Indian accomplice, begin their adventure by foiling an ambush of Washington. Shortly afterward, Matt is part of the young Washington's first military command. The colonial militia, augmented by British regulars, sets out to intercept a French and Indian invasion. Washington is beset by the resentment of regular British officers at being subordinate to a colonist. He is also hampered by the lack of discipline in his militia, and by the nagging doubt about whether one of the colonials in his command is practicing treachery. The climax comes when the young colonel, abandoned by the British and outnumbered by the enemy, decides to erect a primitive defense which history remembers as Fort Necessity.</subfield>
  </datafield>
  <datafield tag="942" ind1=" " ind2=" ">
    <subfield code="2">ddc</subfield>
    <subfield code="c">BK</subfield>
    <subfield code="n">0</subfield>
  </datafield>
  <datafield tag="999" ind1=" " ind2=" ">
    <subfield code="c">3565</subfield>
    <subfield code="d">3565</subfield>
  </datafield>
  <datafield tag="952" ind1=" " ind2=" ">
    <subfield code="0">0</subfield>
    <subfield code="1">0</subfield>
    <subfield code="2">lcc</subfield>
    <subfield code="4">0</subfield>
    <subfield code="7">0</subfield>
    <subfield code="8">FIC</subfield>
    <subfield code="a">001</subfield>
    <subfield code="b">001</subfield>
    <subfield code="c">ATKSF</subfield>
    <subfield code="d">2024-03-20</subfield>
    <subfield code="l">0</subfield>
    <subfield code="o">ALT 813.54 PZ7.A4637</subfield>
    <subfield code="p">2024-0370</subfield>
    <subfield code="r">2024-03-20 14:18:24</subfield>
    <subfield code="t">1</subfield>
    <subfield code="w">2024-03-20</subfield>
    <subfield code="y">BK</subfield>
  </datafield>
</record>
